Statistics for Peppers By Picture

Click here to take the quiz!

General Stats

  • This quiz has been taken 19 times
  • The average score is 5 of 10

Answer Stats

Answer% Correct
Jalapeño
100%
Bell Pepper
87%
Carolina Reaper
80%
Habanero
80%
Ghost Pepper
60%
Serrano Pepper
40%
Cayenne Pepper
27%
Chile de Árbol
20%
Bird’s Eye Chili
13%
Capsicum Chinense
13%

Score Distribution

Percentile by Number Answered

Percent of People with Each Score

Your Score History

You have not taken this quiz